zpět

Detail výsledku týmu

Tipgames Bar, Bruntál

Datum a čas kvízu

39.5 Celkem bodů Celkový počet nahraných bodů na tomto kvízu bez doplňovacích otázek.
1. Pořadí na kvízu Konečné umístění týmu na tomto kvízu.

Zaznamenané odpovědi

# Otázka Odpověď Body Výsledky
1. Jedna kavárna na Šumavě zařadi... o smažený sýr 1
2. Která první dáma se minulý týd... Brigitte Macron 1
3. Který hororový snímek získal v... Hříšníci/Sinners 1
4. Minulý týden se měnilo pořadí... Michal Strnad 1
5. Minulý týden česká média infor... plyšovým aligátorem 1
6. Jak se jmenuje horolezec, jenž... Radek Jaroš 1
7. Jak se trojslovně jmenuje disc... lezení na obtížnost 0
8. Jak se jmenuje tento základní... dračí smyčka 1
9. Po půl bodu můžete získat, kdy... El Capitan, Yosemite 1
10. Jak se jmenuje fenomenální slo... B) Janja Garnbret 0